UBT Library

Essentials of human anatomy & physiology / (Record no. 44908)

000 -LEADER
fixed length control field 00653pam a2200241 a 4500
001 - CONTROL NUMBER
control field 4833583
005 - DATE AND TIME OF LATEST TRANSACTION
control field 20180313092643.0
008 - FIXED-LENGTH DATA ELEMENTS--GENERAL INFORMATION
fixed length control field 900829s1991 caua 001 0 eng c
010 ## - LIBRARY OF CONGRESS CONTROL NUMBER
LC control number 90014392
020 ## - INTERNATIONAL STANDARD BOOK NUMBER
International Standard Book Number 0805348042
040 ## - CATALOGING SOURCE
Original cataloging agency NLM/DLC
Transcribing agency DLC
Modifying agency DLC
041 ## - LANGUAGE CODE
Language code of text/sound track or separate title eng
060 ## - NATIONAL LIBRARY OF MEDICINE CALL NUMBER
Classification number QS 4 M334e
080 ## - UNIVERSAL DECIMAL CLASSIFICATION NUMBER
Universal Decimal Classification number 612 MAR
082 00 - DEWEY DECIMAL CLASSIFICATION NUMBER
Classification number 612 MAR
Edition number 20
100 1# - Rafti
Rafti 6
101 ## - Shkurtesa
Shkurtesa ANA
245 10 - TITLE STATEMENT
Title Essentials of human anatomy & physiology /
Statement of responsibility, etc Elaine N. Marieb.
740 0# - ADDED ENTRY--UNCONTROLLED RELATED/ANALYTICAL TITLE
Uncontrolled related/analytical title Essentials of human anatomy and physiology.
906 ## - LOCAL DATA ELEMENT F, LDF (RLIN)
a 7
b cbc
c orignew
d 1
e ocip
f 19
g y-gencatlg
942 ## - ADDED ENTRY ELEMENTS (KOHA)
Source of classification or shelving scheme
Item type Books
Holdings
Withdrawn status Lost status Source of classification or shelving scheme Damaged status Not for loan Collection code Permanent location Current location Shelving location Date acquired Total Checkouts Full call number Barcode Date last seen Price effective from Koha item type
          Koleksioni i përgjithshem UBT - Lipjan UBT - Lipjan Koleksioni i përgjithshem 03/13/2018   612 MAR 002-3002091 03/13/2018 03/13/2018 Books
UBT Library © 2015-2024. All rights reserved University Education for Business and Technology